| 000 | 00684cab a2200217 4500 | ||
|---|---|---|---|
| 001 | WB3039-05 | ||
| 008 | 090401t1994 xxu||||| |||| 00| 0 eng d | ||
| 035 | _a(Sirsi) u71110 | ||
| 041 | _aeng | ||
| 245 | _aLatham`s review | ||
| 260 | _c1994 | ||
| 350 | _a0 | ||
| 490 |
_aConstruction News _v(6387) 20 October 1994, 4(1) |
||
| 520 | _aMembership of the Construction Clients Forum has been agreed, to represent the interests of clients following Sir Michael Latham`s review of the industry. | ||
| 650 | _aCONSTRUCTION CLIENTS FORUM | ||
| 650 | _aLATHAM REFORMS | ||
| 650 | _aREVIEW IMPLEMENTATION FORUM | ||
| 690 | _aBUILT ENVIRONMENT | ||
| 942 | _n0 | ||
| 948 | _c04/03/1997 | ||
| 999 |
_c44797 _d44797 |
||